000
00297nam a2200121 a 4500
005
20140414131959.0
008
110214s19uu xx 00 eng d
050
_a
FIC
_b
P22 2007
100
_a
Parker, David
245
_a
We can do this together.
440
_a
First chapter book
999
_c
113016
_d
113016